000 00590nam a2200205 a 4500
001 16123
003 CO-ViMGA
008 141112s2004 ck r 000 u spa d
020 _a8476729855
040 _aCO-ViMGA
_bspa
_cCO-ViMGA
082 0 4 _aR808.882 G179c
100 1 _aGarza Castillo, Jorge
_923054
245 1 0 _aCitas famosas y frases celebres
260 _aBarcelona (España) :
_bEdicomunicación s.a.1999
300 _a283.p.
590 _aForma de adquisición : Premio - Mincultura
650 1 4 _aCITAS
_954363
650 1 4 _aPALABRAS Y FRASES CELEBRES
_923055
942 _2ddc
_cBK
999 _c26048
_d26048